Proyecto Alternativas para la armonización e innovación de la enseñanza de la historia de Iberoamérica
Enregistré dans:
| Collectivité auteur: | |
|---|---|
| Format: | Livre |
| Langue: | espagnol |
| Publié: |
Cáceres
O.E.I
1995
|
| Sujets: | |
| Tags: |
Ajouter un tag
Pas de tags, Soyez le premier à ajouter un tag!
|
MARC
| LEADER | 00000nam a2200000 a 4500 | ||
|---|---|---|---|
| 001 | UCU0219 | ||
| 003 | CL-VaPUC | ||
| 008 | 960322e19950000SP |||||||||||||||||spa|d | ||
| 082 | 0 | 4 | |a 372.89 |b ORG |2 21 |
| 110 | 2 | |a Organización de Estados Iberoamericanos |e author |9 355222 | |
| 245 | 1 | 0 | |a Proyecto Alternativas para la armonización e innovación de la enseñanza de la historia de Iberoamérica |
| 300 | |a 26 p | ||
| 942 | |c BK | ||
| 945 | |d 19960322 00:00:00 |a rbrito | ||
| 260 | |a Cáceres |b O.E.I |c 1995 | ||
| 650 | 0 | |a Enseñanza de la historia |9 307330 | |
| 650 | 0 | |a Congresos |9 257560 | |
| 650 | 0 | |a Educación básica |9 224933 | |
| 583 | |a last modification |c 19960322 00:00:00 |k Rodrigo Vera | ||
| 999 | |c 245120 |d 245118 | ||
| 952 | |0 0 |1 0 |4 0 |6 372_890000000000000_ORG_1995 |7 0 |8 P |9 259513 |a BIBEDU |b BIBEDU |c BIBEDU_PB |d 2019-11-19 |i 3175383 |o 372.89 ORG 1995 |p 3175383 |r 2024-01-25 |w 2019-11-19 |y BK |k EPE | ||